| 000 | 01411cam a2200397 a 4500 | ||
|---|---|---|---|
| 999 |
_c14 _d14 |
||
| 001 | 17005026 | ||
| 003 | GZU | ||
| 005 | 20200325132233.0 | ||
| 008 | 111018s2012 enka bf 001 0 eng | ||
| 010 | _a 2011042092 | ||
| 016 | 7 |
_a015998113 _2Uk |
|
| 020 | _a9780415619332 (hbk. : alk. paper) | ||
| 020 | _a0415619335 (hbk. : alk. paper) | ||
| 020 | _a9780415619349 (pbk. : alk. paper) | ||
| 020 | _a0415619343 (pbk. : alk. paper) | ||
| 020 | _a9780203121825 (ebook) | ||
| 020 | _a0203121821 (ebook) | ||
| 035 | _a(OCoLC)ocn731925311 | ||
| 040 |
_aDLC _beng _cDLC _dYDX _dBTCTA _dYDXCP _dYNK _dCDX _dUKMGB _dDLC |
||
| 042 | _apcc | ||
| 050 | 0 | 0 |
_aAM5 _b.A43 2012 |
| 082 | 0 | 0 |
_a069 _223 |
| 100 | 1 |
_aAmbrose, Tim. _eauthor |
|
| 245 | 1 | 0 |
_aMuseum basics / _cTimothy Ambrose and Crispin Paine. |
| 250 | _a3rd ed. | ||
| 260 |
_aAbingdon, Oxon ; _aNew York : _bRoutledge, _c2012. |
||
| 300 |
_axix, 476 p. : _bill. ; _c25 cm. |
||
| 500 | _a"Simultaneously published in the USA and Canada"--T.p. verso. | ||
| 504 | _aIncludes bibliographical references and index. | ||
| 650 | 0 |
_aMuseums _vHandbooks, manuals, etc. |
|
| 650 | 0 |
_aMuseum techniques _vHandbooks, manuals, etc. |
|
| 700 | 1 |
_aPaine, Crispin. _eauthor |
|
| 906 |
_a7 _bcbc _corignew _d1 _eecip _f20 _gy-gencatlg |
||
| 942 |
_2lcc _cBK _h5 _iAMB _kAM |
||